000 00569nam a22002297a 4500
001 48143
003 UA-OsUOA
005 20210405202452.0
007 ta
008 20070830b un ||||| |||| 00| 0 ukr d
040 _aUA-OsUOA
_bukr
_cUA-OsUOA
_dUA-OsUOA
041 _aukr
080 _a821.161.2
090 _a821.161.2
_bС37
100 _aСимоненко В.
245 _aТиша і грім
260 _aК.
_c1962
300 _a151 с.
650 7 _a82 Література. Літературознавство
_2UDC
942 _cBK
_2udc
955 _a2
999 _c334253
_d334253